Sporclin' Through the 2000s IV Quiz Stats

 Plays Quiz Updated Apr 7, 2018

Challenge
Share
Tweet
Score 0/36 Timer 06:00
10 Plays Today
Hint Answer % Correct
Cars
97.2%
Shrek
96.7%
 
▼    Sports    ▼
 
Tiger Woods
94.4%
Pirates of the Caribbean: The Curse of the Black Pearl
93%
Venus Williams
92.9%
 
▼    Music    ▼
 
Taylor Swift
92.7%
House, M.D.
90.9%
 
▼    Movies    ▼
 
Star Wars Episode III: Revenge of the Sith
88.9%
Jay-Z
86.2%
 
▼    Television    ▼
 
How I Met Your Mother
86%
Playstation 3
85.6%
American Dad!
82.8%
The Black Eyed Peas
80.1%
Mario Kart Wii
78%
Gwen Stefani
77.3%
30 Rock
75.5%
 
▼    Gaming    ▼
 
Grand Theft Auto: San Andreas
74.6%
FIFA 2005
73.2%
Hint Answer % Correct
Julia Roberts
73%
Catch Me If You Can
72.7%
Tom Brady
71.2%
 
▼    History    ▼
 
Angela Merkel
70.4%
Gilmore Girls
69.8%
Nintendo GameCube
67.4%
Avatar: The Last Airbender
65.3%
No Country for Old Men
61.7%
The White Stripes
59.5%
Wayne Rooney
56.9%
blink-182
52.7%
Neil deGrasse Tyson
52.5%
Jason Kidd
41.9%
Albert Pujols
32.9%
Half-Life 2
28.7%
Jacques Chirac
18%
Mahmoud Ahmadinejad
17.5%
Stephen Harper
10.9%

You're not logged in!

Compare scores with friends on all Sporcle quizzes.
Join for Free
OR
Log In

You Might Also Like...

Show Comments

Extras

Top Quizzes Today


Score Distribution

Your Account Isn't Verified!

In order to create a playlist on Sporcle, you need to verify the email address you used during registration. Go to your Sporcle Settings to finish the process.

Report this User

Report this user for behavior that violates our Community Guidelines.

Details: